000 03421nam a22002777a 4500
003 NALT
005 20250904103654.0
008 220927b th ||||| |||| 00| 0 tha d
040 _aNALT
086 _aสว 10 7.3 362.11รจ 2565
110 2 _92442
_aสำนักงานเลขาธิการวุฒิสภา.
_bสำนักกรรมาธิการ 2
245 1 0 _aรายงานการศึกษาดูงานโรงพยาบาลเจ้าพระยาอภัยภูเบศร จังหวัดปราจีนบุรี วันพุธที่ 29 ธันวาคม 2564 คณะกรรมาธิการวิสามัญศึกษาแนวทางการพลิกโฉมพืชสมุนไพรไทยด้วยการวิจัยและนวัตกรรม วุฒิสภา /
_cสำนักกรรมาธิการ 2 สำนักงานเลขาธิการวุฒิสภา.
260 _aกรุงเทพฯ :
_bสำนักกรรมาธิการ 2 สำนักงานเลขาธิการวุฒิสภา,
_c2564.
300 _a39 หน้า :
_bภาพประกอบ ;
_c29 ซม.
505 2 _aสรุปผลการศึกษาดูงาน ณ โรงพยาบาลเจ้าพระยาอภัยภูเบศร อำเภอเมือง จังหวัดปราจีนบุรี -- 1. การให้ข้อมูลของแพทย์หญิงโศรยา ธรรมศักดิ์ ผู้อำนวยการโรงพยาบาลเจ้าพระยาอภัยภูเบศร -- 2. การให้ข้อมูลของเภสัชกรหญิงผกากรอง ขวัญข้าว หัวหน้าศูนย์หลักฐานเชิงประจักษ์ด้านการแพทย์แผนไทยและสมุนไพรโรงพยาบาลเจ้าพระยาอภัยภูเบศร -- 3. ข้อคิดเห็นและข้อเสนอแนะของคณะกรรมาธิการ -- 4. ข้อสังเกตของคณะกรรมาธิการ.
610 2 4 _959155
_aคณะกรรมาธิการวิสามัญศึกษาแนวทางการพลิกโฉมพืชสมุนไพรไทยด้วยการวิจัยและนวัตกรรม วุฒิสภา
_xรายงาน
610 2 4 _aโรงพยาบาลเจ้าพระยาอภัยภูเบศร
_xประวัติ
_959157
650 4 _929680
_aโรงพยาบาล
_xการบริหาร
650 4 _96982
_aพืชสมุนไพร
710 2 _959147
_aคณะกรรมาธิการวิสามัญศึกษาแนวทางการพลิกโฉมพืชสมุนไพรไทยด้วยการวิจัยและนวัตกรรม วุฒิสภา
850 _aNALT
942 _cPAR
_2local
996 _anapasorn.k
_bLIBSTF
_c2025-08-21
996 _ajamriang.p
_bCATSTF
_c2025-09-04
999 _c100793
_d100793
998 _j1020
_k นางจำเรียง ระวังสำโรง